000 00715nam a2200241 i 4500
001 C2-0222732
003 PPAK
005 20180728151758.0
008 000125s1997 my |||| ||||| | may d
040 _aPPAK
_beng
_cPPAK
_erda
082 0 4 _a899.23
_223
090 0 0 _a899.23
_bDUA
_dKAH
090 0 0 _a899.23
_bDUA
_dKAR
245 0 0 _a25 tahun kemudi :
_bbermain ombak dan pantai
264 1 _aSubang Jaya, Selangor :
_bPersatuan Penulis dan Kebajikan Negeri Selangor (Kemudi) ,
_c1997
300 _a354 pages ;
_c21 cm
336 _2rdacontent
_atext
337 _2rdamedia
_aunmediated
338 _2rdacarrier
_avolume
650 1 0 _aMalay literature.
700 0 _aSabar Bohari,
_ecompile
942 _ddc
_cB
999 _c143960
_d143960